Ensayos Sobre el Tema de la Vivienda en América Latina /

Gespeichert in:
Bibliographische Detailangaben
1. Verfasser: Pradilla Cobos, Emilio (autor)
Format: Buch
Sprache:Spanisch
Veröffentlicht: México : UAM, 1982
Schlagworte:
Tags: Tag hinzufügen
Keine Tags, Fügen Sie das erste Tag hinzu!

MARC

LEADER 00000nam^a2200000^a^4500
001 000017220
005 20250521000000.0
009 20260310084131.202
037 |a Acervo ITESO - Biblioteca 
041 |a ESP 
082 |a 307. 76  |b PRA 
100 |a Pradilla Cobos, Emilio  |e (autor) 
245 1 0 |a Ensayos Sobre el Tema de la Vivienda en América Latina /  |c E. Pradilla Cobos. 
264 1 |a México :  |b UAM,  |c 1982 
300 |a 472 p. 
336 |a texto  |b txt  |2 rdacontenido 
337 |a sin mediación  |b n  |2 rdamedio 
338 |a volumen  |b nc  |2 rdasoporte 
649 |a XX 
650 |a Vivienda 
650 |a Sociología 
650 |a Latinoamérica 
650 |a Urbanismo 
910 |a Fondo General 
920 |a Impresos - Libros 
930 |a Colección General 
905 |a 101 
901 |a 0172200100  |b IT1  |c ACC  |i 017220  |u 20250521 
902 |a https://opac.biblio.iteso.mx/vufind/Record/000017220